| 000 | 02093pam a2200301 a 4500 | ||
|---|---|---|---|
| 001 | 5300103 | ||
| 005 | 20210414113944.0 | ||
| 008 | 050412s2005 nyua b 001 0 eng | ||
| 020 | _a0273687921 | ||
| 040 |
_aDLC _cDLC _dOrLoB _dNNC _dOrLoB-B |
||
| 050 | 0 | 0 |
_aHF5548.2.C88 _b |
| 100 | 1 | _aCurtis, Graham. | |
| 245 | 1 | 0 |
_aBusiness information systems :analysis, design, and practice. / _cGraham Curtis and David Cobham. |
| 250 | _a5th ed. | ||
| 260 |
_aUpper Saddle River, NJ : _bPearson _c2005. |
||
| 300 |
_axxii, 664 p.: _bill. ; _c25cm. |
||
| 504 | _aIncludes bibliographical references and index. | ||
| 505 | 0 | 0 | _gContents: Information systems -- Strategy and information systems -- Business information technology -- Distributed systems, networks and the organization -- The Internet and the world wide web -- Electronic commerce and business -- Decision support and end user computing -- File organization and databases for business information systems -- Information systems: control and responsibility -- Information systems development: an overview -- The Systems project: early stages -- Process analysis and modeling -- Systems design -- Detailed design, implementation and review -- Systems development: further tools, techniques and alternative approaches -- Expert systems and knowledge bases. |
| 520 | 1 | _a"Business Information Systems 5th edition offers today's BIS students a comprehensive understanding of how information systems can aid the realisation of business objectives." "Equipped with a wide variety of long, short and extended case studies from across the UK and Europe as well as examples, review questions and exercises throughout the text, students can easily check their understanding and see how their new-found knowledge applies to real-world situations."--BOOK JACKET. | |
| 650 | 0 |
_aBusiness _xData processing. |
|
| 650 | 0 |
_aInformation storage and retrieval systems _xBusiness. |
|
| 650 | 0 | _aManagement information systems. | |
| 650 | 0 | _aSystem design. | |
| 700 | 1 | _aCobham, David P. | |
| 942 |
_2lcc _cBK |
||
| 948 | 1 | _a20050822 | |
| 999 |
_c968 _d8468 |
||